Adivina la saga de videojuegos - Estadísticas

Estadísticas generales
  • Esta prueba ha sido intentada 308 veces
  • La puntuación promedio es 22 de 69
Estadísticas de respuestas
Hint Respuesta % Correcto
Llama a Duty Call of Duty
80%
Putas, drogas, violencia, roleplay... GTA
80%
Planeta Vegetta Minecraft
78%
"Los dioses del Olimpo me han abandonado" God of War
74%
Futbol con coches Rocket League
73%
SUS Among Us
66%
Portales Portal
66%
"¡EEEEEL PRIMOOOOO! Brawl Stars
64%
Jijijija Clash Royale
63%
El señor de la noche Batman
61%
Tamagochi para móvil pero no se muere Pou
57%
Almas oscuras Dark Souls
54%
"What! Controller Player! That is a controller player"! Fortnite
54%
Ezio Auditore Assassin's Creed
52%
Cazafantasmas de Nintendo Luigi's Mansion
52%
No tocas pasto y sigues sin salir de plata (Si entras no podrás salir, es peor que la droga) League of Legends
50%
Calamares de tinta Splatoon
49%
Oof Roblox
44%
"Get over here!" Mortal Kombat
43%
"Hoy es noche de..." Garena Free Fire
42%
Cuacuavakana Geometry Dash
42%
"Mi cientifique de abejas favorite" Spiderman
42%
Juego de móvil copia del TLOZ: Breath of the Wild Genshin Impact
41%
Hola vecino Hello Neighbour
41%
Webi Wabo Plantas VS Zombies
41%
De pequeño pensabas que los ataques que no hacían daño eran inútiles Pokemon
41%
Simulador de ser una simp psicópata Yandere Simulator
37%
Wakawakawakawaka Pac-Man
35%
Setas alucinógenas Super Mario Bros
35%
Te tocan cuchillos to' caros CSGO
34%
No te metas con la abuela Granny
33%
La fusión de Disney y videojuegos Kingdom Hearts
33%
Puta gata egipcia, deja de salir en mi plataforma naranja Animal Crossing
32%
Batalla final contra Drácula Castlevania
31%
Tiene un traje y un traje zero Metroid
29%
Trozo de carne saltarín Super Meat Boy
29%
Marsupial con una hermana todo buenorra Crash Bandicoot
28%
"You're gonna have a bad time" Undertale
28%
Es tu doble vida de granjero Stardew Valley
27%
Se cargó el universo porque se comieron su torta Kirby
24%
Zombies resistentes Resident Evil
24%
"Oh no, son zombies" "No, es el ejercito de Bolivia" Left 4 Dead
22%
El prisas Sonic The Hedgehog
22%
Un zombi te come para que seas su amigo de por vida Ben and Ed
20%
*Suena La Marcha del Toreador y te matan* FNaF
20%
El niño entre trenes Subway Surfers
20%
Puffles Club Penguin
17%
Al escuchar una de sus canciones, los hombres hacen T-Pose al instante Halo
15%
Furros satánicos Cult of the Lamb
14%
*Baile de la distracción* Henry Stickman
14%
Le nerfearon su culo cuando le añadieron a Fortnite Metal Gear Solid
14%
Células devoradoras Agar.io
13%
Ruta de Mother The Binding of Isaac
13%
El juego para las madres Candy Crush Saga
12%
"Left, right, left, right" Friday Night Funkin
12%
Las trepidantes aventuras de un mexicano y su familia Donkey Kong
11%
"Señoras y señores, me acaban de funar" Rayman
11%
Nombre de instrumento y pájara muy querida Banjo-Kazooie
10%
¡Una sandía! Suika Game
10%
Aún tienen la peluca de payaso puesta Hollow Night
9%
Reencarnación espiritual de Super Wario Land Pizza Tower
9%
Eres un cerdo si les tocas los huevos Angry Birds
8%
La hora del té Cuphead
7%
Vértices Garten of Banban
7%
Hugo Alberto Poppy Playtime
6%
Espadachines japos genérico Fire Emblem
5%
Un calvo con regla Baldi's Basic in Education and Learning
3%
"Honk, Honk, Honk, Honk" Goose Game
3%
Ajolote doxeador Kiniko.pet
2%
No se encontraron pruebas coincidentes
Distribución de puntuación
Porcentaje de gente con cada puntuación
Porcentaje por número respondido
Historial de tus puntuaciones
No has intentado esta prueba.